Animal Crossing - Personnages spéciaux #2 - Statistiques

Statistiques générales
  • Ce quiz a été pris 49 fois
  • Le résultat moyen est 10 sur 16
Statistiques - réponses
Par images Réponse % Correct
Kéké
97%
Rounard
92%
Sarah
89%
Resetti
78%
Céleste
70%
Layette
70%
Jack'O
68%
Robusto
65%
Ginette
62%
Max
59%
Albin
57%
Opélie
57%
Séréna
57%
Giroïde
46%
Cathie
38%
Castor
35%
Aucun quiz correspondant
Distribution des résultats
% des personnes avec chaque résultat
Percentile par nombre de réponses
Votre historique - résultats
Vous n’avez pas pris ce quiz